African traditions in the study of religion in Africa (Record no. 144295)
[ view plain ]
| 000 -LEADER | |
|---|---|
| fixed length control field | 01614nam a2200373Ia 4500 |
| 082 04 - DEWEY DECIMAL CLASSIFICATION NUMBER | |
| Classification number | 200.9607 |
| 245 00 - TITLE STATEMENT | |
| Title | African traditions in the study of religion in Africa |
| 260 ## - PUBLICATION, DISTRIBUTION, ETC. (IMPRINT) | |
| Place of publication | Farnham, Surrey ; |
| -- | Burlington, Vt. : |
| Name of publisher | Ashgate, |
| Year of publication | c2012. |
| 300 ## - PHYSICAL DESCRIPTION | |
| Number of Pages | xiv, 264 p. |
| 490 1# - SERIES STATEMENT | |
| Series statement | Vitality of indigenous religions |
| 650 #0 - SUBJECT ADDED ENTRY--TOPICAL TERM | |
| Topical Term | Christianity and other religions |
| Topical Term | Religion and social problems |
| 700 1# - ADDED ENTRY--PERSONAL NAME | |
| Personal name | Adogame, Afeosemime U. |
| Personal name | Bateye, Bolaji. |
| Personal name | Chitando, Ezra. |
| 856 40 - ELECTRONIC LOCATION AND ACCESS | |
| Uniform Resource Identifier | http://site.ebrary.com/lib/rucke/Doc?id=10525130 |
No items available.
